00472nam a2200169 a 4500008004100000020002200041100002100063245004100084250001200125260005600137300003900193500002000232650002300252003000100275005001700276040000900293  a0073049921 (pbk.)1 aTillery, Bill W.10aPhysical science /cBill W. Tillery. a7th ed. aBoston, MA :bMcGraw-Hill Higher education,cc2007. axxi, 729 p. :bcol. ill. ;c28 cm. aIncludes index. 0aPhysical sciences.20230123125225.0 cNUST